Foods beginning with E - Statistics

General Stats
  • This quiz has been taken 215 times
  • The average score is 6 of 10
Answer Stats
Picture Answer % Correct
Egg
100%
Eggplant
96%
Eclair
84%
Edam
82%
Escargot
71%
Edamame
67%
Espresso
63%
Emmental
31%
Enchiladas
27%
Endive
11%
No matching quizzes found
Score Distribution
Percent of People with Each Score
Percentile by Number Answered
Your Score History
You have not taken this quiz